The biology of fishes /

Bibliographic Details
Main Author: Kyle, Harry Macdonald, 1872-
Format: Book
Language:English
Published: London : Sidgwick & Jackson, ltd., 1926.
Series:Series of biological handbooks.
Subjects:

MARC

Tag First Indicator Second Indicator Subfields
LEADER 00000cam a2200000 4500
001 in00000051547
005 20151007072014.0
008 740201s1926 enkaf b 00010 eng u
010 |a  26014255  
035 |a (OCoLC)00788088 
035 |9 AAE7054AM 
040 |c VTU  |d TXA  |d UtOrBLW 
049 |a TXAM  |c [129427] 
050 0 |a QL639  |b .K9 
092 |a 597  |b K99b 
100 1 |a Kyle, Harry Macdonald,  |d 1872- 
245 1 4 |a The biology of fishes /  |c by Harry M. Kyle... 
264 1 |a London :  |b Sidgwick & Jackson, ltd.,  |c 1926. 
300 |a xvi, 396 pages :  |b illustrations, XVII plate (including frontispiece) ;  |c 23 cm. 
336 |a text  |b txt  |2 rdacontent 
337 |a unmediated  |b n  |2 rdamedia 
338 |a volume  |b nc  |2 rdacarrier 
490 1 |a A series of biological handbooks 
504 |a Bibliography: pages 373-387. 
650 0 |a Fishes. 
830 0 |a Series of biological handbooks. 
999 |a MARS 
999 f f |s 1dbffe6d-c498-3b23-9c81-2e8f0a659c72  |i 6d4fc3b2-5f05-3b49-9c69-4b85c6a1b7d4  |t 0 
952 f f |p normal  |a Texas A&M University  |b College Station  |c Sterling C. Evans Library  |d Evans: Library Stacks  |t 0  |e QL639 .K9  |h Library of Congress classification  |i unmediated -- volume  |m A14801018833 
998 f f |a QL639 .K9  |t 0  |l Evans: Library Stacks